| 000 | 00518nam a2200169Ia 4500 | ||
|---|---|---|---|
| 008 | 240729s9999 xx 000 0 und d | ||
| 022 | _a2673-6268 | ||
| 245 | 0 | _aFrontiers in Control Engineering | |
| 260 | _aSwitzerland | ||
| 260 | _bFrontiers Media S.A. | ||
| 650 | _a Control engineering systems. Automatic machinery (General) | ||
| 650 | _a Mechanical engineering and machinery | ||
| 650 | _aTechnology | ||
| 856 | _uhttps://doaj.org/toc/0a44fc80dd0e4ebdb6fa9bdef85a090a | ||
| 942 | _2ddc | ||
| 942 | _cDOAJEJ | ||
| 999 |
_c67356 _d67356 |
||
| 945 |
_a1 _bMadushi Gamage _c1 _dMadushi Gamage |
||